|
|
|
|
| LEADER |
01261nam a2200253 4500 |
| 001 |
41416 |
| 003 |
BD-DhAAL |
| 005 |
20230829160145.0 |
| 008 |
230814t1997 bg a|||| |||| 00| 0 ben d |
| 020 |
|
|
|a 9780501658
|
| 040 |
|
|
|a BD-DhAAL
|d BD-DhAAL
|
| 041 |
|
|
|a ben
|
| 082 |
|
|
|a 891.442
|2 23
|
| 100 |
|
|
|a হায়দার, জিয়া.
|9 55354
|
| 245 |
|
|
|a বিশ্বনাট্য :
|b সংক্ষিপ্ত ইতিকথা /
|c জিয়া হায়দার.
|
| 260 |
|
|
|a ঢাকা :
|b ইউনিভার্সিটি প্রেস লিমিটেড,
|c ১৯৯৭.
|
| 300 |
|
|
|a ১২২ পৃষ্ঠা :
|b চিত্র ;
|c ২২ সে.মি.
|
| 504 |
|
|
|a গ্রন্থপঞ্জিগত নির্দেশিকা অন্তভূক্ত.
|
| 541 |
|
|
|a RS campus, Saver.
|e 41416
|
| 650 |
|
|
|a Bengali drama.
|
| 852 |
|
|
|a Ayesha Abed Library
|c General Stacks
|
| 942 |
|
|
|2 ddc
|c BK
|
| 999 |
|
|
|c 46096
|d 46096
|
| 952 |
|
|
|0 0
|1 0
|2 ddc
|4 0
|6 891_442000000000000_HYD
|7 0
|9 74221
|a SCL
|b SCL
|c GEN
|d 2023-08-14
|g 210.00
|l 0
|o 891.442 HYD
|p 3020041416
|r 2023-08-14
|t 1
|w 2023-08-14
|y BK
|x As directed by University librarian (30.05.2023), the accession of this book has been renewed. Previous Accession no of TARC, Savar: 1211
|